000 00399nam a2200169Ia 4500
001 24943
003 IN-NITTTR
005 20251114233318.0
008 251113s9999||||xx |||||||||||||| ||eng||
040 _beng
040 _cIN-NITTTR
041 _aeng
082 _a519.4 G93N
100 _aGupta, Santosh K.
245 0 _aNumerical methods for engineers. /
_cGupta, Santosh K.
942 _2ddc
_cBK
999 _c27572
_d27572